000 00686nam a2200193Ia 4500
003 GCL
008 140319s9999 xx 000 0 ara d
040 _aGCL /
_cGCL
082 0 4 _a693.5
_bخ ت
100 1 _aخليل ابراهيم ماكر
245 1 0 _aالنهضة الانشائى للسلالم الخرسانية النعى باللغة الانجليزية /
_cخليل ابراهيم ماكر
260 _a[S.N] :
_bدار الكتب العلمية للنشر والتوزيع ،
_c1992
300 _a146 ص
490 _a
650 0 4 _aالاعمال الانشائية
650 0 4 _aالخرسانة
650 0 4 _aالسلالم الخرسانية
942 _2ddc
_cBK
999 _c57580
_d57580